<?xml version="1.0" encoding="UTF-8"?><?xml-stylesheet type="text/xsl" href="static/style.xsl"?><OAI-PMH xmlns="http://www.openarchives.org/OAI/2.0/" xmlns:xsi="http://www.w3.org/2001/XMLSchema-instance" xsi:schemaLocation="http://www.openarchives.org/OAI/2.0/ http://www.openarchives.org/OAI/2.0/OAI-PMH.xsd"><responseDate>2026-04-26T21:57:53Z</responseDate><request verb="GetRecord" identifier="oai:uvadoc.uva.es:10324/67663" metadataPrefix="marc">https://uvadoc.uva.es/oai/request</request><GetRecord><record><header><identifier>oai:uvadoc.uva.es:10324/67663</identifier><datestamp>2024-11-07T08:51:38Z</datestamp><setSpec>com_10324_1156</setSpec><setSpec>com_10324_931</setSpec><setSpec>com_10324_894</setSpec><setSpec>col_10324_1294</setSpec></header><metadata><record xmlns="http://www.loc.gov/MARC21/slim" xmlns:doc="http://www.lyncode.com/xoai" xmlns:xsi="http://www.w3.org/2001/XMLSchema-instance" xmlns:dcterms="http://purl.org/dc/terms/" xsi:schemaLocation="http://www.loc.gov/MARC21/slim http://www.loc.gov/standards/marcxml/schema/MARC21slim.xsd">
<leader>00925njm 22002777a 4500</leader>
<datafield tag="042" ind1=" " ind2=" ">
<subfield code="a">dc</subfield>
</datafield>
<datafield tag="720" ind1=" " ind2=" ">
<subfield code="a">Möller Recondo, Claudia Marcela</subfield>
<subfield code="e">author</subfield>
</datafield>
<datafield tag="260" ind1=" " ind2=" ">
<subfield code="c">2020</subfield>
</datafield>
<datafield tag="520" ind1=" " ind2=" ">
<subfield code="a">Los viajes ocupan un lugar central en la vida y hechos de Carlos de Habsburgo. Se presentan los resultados de una investigación que ha recogido todos los sitios, lugares, villas y ciudades por donde pasó el emperador y los ha plasmado en diferentes formatos tecnológicos: Data base, mapas y gráficos que ilustran, pero sobre todo ayudan a visualizar, al poder en movimiento en la primera mitad del siglo XVI en España. Se ofrece una nueva manera de interpretar al imperio en clave hispana, que ayudará a desmontar muchos tópicos sobre la época y sobre Carlos V.</subfield>
</datafield>
<datafield tag="024" ind2=" " ind1="8">
<subfield code="a">Aforismos, Instituciones, Ideas, Movimiento, 2020, n. 1. p. 35-62</subfield>
</datafield>
<datafield tag="024" ind2=" " ind1="8">
<subfield code="a">2695-5253</subfield>
</datafield>
<datafield tag="024" ind2=" " ind1="8">
<subfield code="a">https://uvadoc.uva.es/handle/10324/67663</subfield>
</datafield>
<datafield tag="024" ind2=" " ind1="8">
<subfield code="a">35</subfield>
</datafield>
<datafield tag="024" ind2=" " ind1="8">
<subfield code="a">1</subfield>
</datafield>
<datafield tag="024" ind2=" " ind1="8">
<subfield code="a">62</subfield>
</datafield>
<datafield tag="024" ind2=" " ind1="8">
<subfield code="a">Aforismos, Instituciones, Ideas, Movimiento</subfield>
</datafield>
<datafield tag="245" ind1="0" ind2="0">
<subfield code="a">Viajes y estancias de Carlos de Habsburgo, quinientos años después</subfield>
</datafield>
</record></metadata></record></GetRecord></OAI-PMH>